000 00535nam a2200193Ia 4500
003 LK-CoDNM
008 010623t1901 xxu||||| |||| 00| 1 sin d
040 _aLK-CoDNM
_dLK-CoDNM
_eLK-CoDNM
041 _asin
080 _a133.52 DES
100 _aDe Silva,Eyulin.
245 _aපඤචාංගය සහ ග්‍ර‍හචාරය ශක වෂි 1823
246 _aPanchanga Saha Gracharaya Shaka Warsha 1823
260 _b?
_c1901
_c1902
300 _b47p., 25 cm
650 _aAstrology
650 _aLit
942 _cBK
999 _c85334
_d85334